000 00474nam a22001817a 4500
999 _c2206
_d2206
003 URS
005 20220114142036.0
008 190916s1995 ph |||| |||| 00| 0 eng d
020 _a9711501015
040 _c0
050 1 4 _aPL 6141
_b.P192 1995
100 _aSalazar,Lucila A.
245 1 0 _aPanitikang filipino;
_cLucila A. Salazar
260 _aQuezonCity:
_bKatha Publishing;
_cc1995.
300 _avii 257 pages;
_c25 cm.
504 _aBibliography:p.256
942 _2lcc
_cF